Music Quiz

Random Music or Song Quiz

50 Songs: It Was A One Time Thing! (Clips) Quiz Stats

 Plays Quiz not verified by Sporcle

Score 0/50 Timer 20:00
0 Plays Today
Time Artist % Correct
0.35 (C)Kelly Clarkson
79.7%
0.07 (A)Lily Allen
76.9%
2.20 (K)Ke$ha
75.5%
1.03 (E)Enya
74.8%
2.06 (J)Janis Joplin
74.1%
2.41 (L)Jennifer Lopez
68.5%
3.02 (N)Willie Nelson
65.7%
4.12 (S)Starship
63.6%
1.31 (G)The Go Go's
62.9%
0.21 (B)Beck
61.5%
3.30 (P)Pitbull
61.5%
2.34 (L) LMFAO
60.1%
4.54 (V)The Vengaboys
58.7%
0.28 (C)Chic
57.3%
4.40 (U)Carrie Underwood
57.3%
3.23 (O)Owl City
56.6%
5.29 (Y)Yes
53.1%
5.01 (W)The Weeknd
51.7%
1.38 (H)Billie Holiday
51%
2.13 (J)Judas Priest
50.3%
2.55 (M)Morrissey
50.3%
3.51 (R)The Raconteurs
49.7%
0.49 (D)Devo
49%
4.19 (T)The Ting Tings
47.6%
5.22 (X)XTC
47.6%
Time Artist % Correct
0.00 (A)a-ha
44.1%
5.36 (Y)Will Young
42.7%
0.14 (B)Bad Company
39.9%
3.58 (R)Otis Redding
39.2%
4.26 (T)Meghan Trainor
39.2%
3.44 (Q)Queensryche
36.4%
1.10 (F)Roberta Flack
35.7%
4.33 (U)Ultravox
32.9%
2.27 (K)The Kooks
31.5%
3.37 (P)Primal Scream
30.8%
0.56 (E)Eels
30.1%
1.24 (G)Girls Aloud
30.1%
1.59 (I)Interpol
30.1%
2.48 (M)McFly
27.3%
5.43 (Z)Frank Zappa
25.2%
5.08 (W)The Wombats
23.1%
5.15 (X)X-Ray Spex
22.4%
1.45 (H)Howlin' Wolf
21.7%
3.16 (O)Rita Ora
21.7%
4.05 (S)Scouting For Girls
21.7%
4.47 (V)Frankie Valli
21%
3.09 (N)Noah & The Whale
15.4%
1.17 (F)Foster The People
13.3%
0.42 (D)The Dandy Warhols
8.4%
1.52 (I)The Ink Spots
8.4%

You're not logged in!

Compare scores with friends on all Sporcle quizzes.
OR
Log In

Sporcle TV

Today on Sporcle TV


Watch our educational content, quiz creation guides, and fun videos on Sporcle TV.

Show Comments

Extras

Top Quizzes Today


Score Distribution

Your Account Isn't Verified!

In order to create a playlist on Sporcle, you need to verify the email address you used during registration. Go to your Sporcle Settings to finish the process.

Report this User

Report this user for behavior that violates our Community Guidelines.

Details: